Normal view
MARC view
Entry Personal Name
001 - CONTROL NUMBER
- control field: 12449
003 - CONTROL NUMBER IDENTIFIER
- control field: BD-RjUL
005 - DATE AND TIME OF LATEST TRANSACTION
- control field: 20240320122551.0
008 - FIXED-LENGTH DATA ELEMENTS
- fixed length control field: 240320|| aca||aabn | a|a d
040 ## - CATALOGING SOURCE
- Original cataloging agency: BD-RjUL
- Transcribing agency: BD-RjUL
100 ## - HEADING--PERSONAL NAME
- Personal name: Akbar Allāhābādī,
- Dates associated with a name: 1846-1921
670 ## - SOURCE DATA FOUND
- Source citation: Work cat.: (BD-RjUL)83426: الهآبادى٫ اکبر ;; Allahabadi, Akbar 12448, مکاتيب اکبر ;; makātīb-i Akbar /, 195?